| 000 | 00366nam a22001457a 4500 | ||
|---|---|---|---|
| 003 | OSt | ||
| 008 | 250118b |||||||| |||| 00| 0 eng d | ||
| 041 | _aeng | ||
| 082 |
_a028.74621 _bWOR/SC |
||
| 100 |
_aWorld Energy Conference _96968 |
||
| 245 | _aSurvey of Energy resources | ||
| 260 |
_aLondon: _bWorld Energy Conference, _c1983. |
||
| 300 | _a148p. | ||
| 942 | _cBK | ||
| 999 |
_c19059 _d19059 |
||